000 00685nam a2200229 i 4500
001 bg
245 0 0 _aRodzaje wiedzy o świecie :
_bpraca zbiorowa /
_cpod red. Piotra Madejskiego i Marka Sikory.
260 _aWrocław :
_bOficyna Wydawnicza Politechniki Wrocławskiej,
_c1999.
300 _a112 s. ;
_c24 cm.
500 _aTekst częśc. tł. z ang.
650 9 _aNauka
_xsocjologia
650 9 _aSocjologia
_xteoria
700 1 _aMADEJSKI, Piotr.
_eRed.
700 1 _aSIKORA, Marek.
_eRed.
020 _a8370854443
040 _cBPK
041 1 _apl
_hen
080 _a001:316.74:316.1
920 _a83-7085-444-3
942 _cKS
008 s pl f |000 0 pol
999 _c38873
_d38873
856 _uhttp://koha.tu.koszalin.pl/cgi-bin/koha/opac-detail.pl?biblionumber=38873
_yKatalog online BPK